Getting results with curriculum mapping.

This video program "examines the various uses of curriculum mapping in school systems and, ultimately, in classrooms. The program illustrates specific mapping applications and provides essential information from an interview with Heidi Hayes Jacobs, program consultant. Other interviews, with te...

Full description

Bibliographic Details
Corporate Author: Association for Supervision and Curriculum Development
Other Authors: Jacobs, Heidi Hayes
Format: Video
Language:English
Language Notes:In English.
Published: Alexandria, VA : Association for Supervision and Curriculum Development, [2006]
Series:Academic Video Online
Subjects:
Online Access:Connect to this streaming video (Alexander Street Press)

MARC

Tag First Indicator Second Indicator Subfields
LEADER 00000cgm a2200000 i 4500
001 in00005582011
006 m o c
007 cr cna||||||||
007 vz czazuu
008 161011t20062006vau047 f o vleng d
005 20241201234206.2
035 |a (OCoLC)ocn960343212 
040 |a VLB  |b eng  |e rda  |e pn  |c VLB  |d ALSTP  |d OCLCO  |d OCL  |d UPM  |d OCLCQ  |d OCLCA  |d OTZ  |d IGB  |d CAUOI  |d WYU  |d OCLCA  |d OCLCO  |d CJT  |d OCLCQ  |d OCLCL  |d OCLCQ  |d FWR 
019 |a 1373401030  |a 1439837025 
020 |z 141660474X  |q (DVD) 
020 |z 9781416604747  |q (DVD) 
020 |z 141660460X  |q (Guide) 
020 |z 9781416604600  |q (Guide) 
020 |z 1416604596  |q (DVD w/Guide) 
020 |z 9781416604594  |q (DVD w/Guide) 
028 4 0 |a 606166  |b ASCD 
028 4 0 |a 406166FG  |b ASCD 
028 4 0 |a 606167  |b ASCD 
035 |a (OCoLC)960343212  |z (OCoLC)1373401030  |z (OCoLC)1439837025 
043 |a n-us--- 
050 4 |a LB2806.15  |b .G488 2006ev 
082 1 4 |a 378.1  |q OCoLC 
049 |a TXAM 
245 0 0 |a Getting results with curriculum mapping. 
264 1 |a Alexandria, VA :  |b Association for Supervision and Curriculum Development,  |c [2006] 
300 |a 1 online resource (Streaming video files (approximately 47 min.)) :  |b sound, color 
306 |a 004703 
336 |a two-dimensional moving image  |b tdi  |2 rdacontent 
337 |a computer  |b c  |2 rdamedia 
338 |a online resource  |b cr  |2 rdacarrier 
347 |a data file  |2 rda 
490 0 |a Academic Video Online 
500 |a Facilitator's guide includes handouts and masters for overhead projector. 
504 |a Facilitator's guide Includes bibliographical references. 
505 0 |a Video program. Introduction (5 min.) -- Terminology and language (3 min.) -- Creating quality maps (11 min.) -- Articulation and teamwork (5 min.) -- Special uses of curriculum mapping (6 min.) -- Using technology to facilitate curriculum mapping (4 min.). 
505 8 |a Supplementary video. Segment 1. Eric Witherspoon (4 min.) -- Segment 2. Using curriculum mapping to bolster literacy instruction (3 min.) -- Segment 3. How technology helps us teach better (3 min.) -- Segment 4. Technology options for curriculum mapping (3 min.) -- Segment 5. Curriculum mapping and differentiated professional development (2 min.) -- Segment 6. Curriculum mapping for today and tomorrow (2 min.). 
520 |a This video program "examines the various uses of curriculum mapping in school systems and, ultimately, in classrooms. The program illustrates specific mapping applications and provides essential information from an interview with Heidi Hayes Jacobs, program consultant. Other interviews, with teachers and administrators, and on-site observations offer perspectives on the many variables involved in curriculum mapping, on developing a school culture that supports mapping, and on the benefits mapping provides for students."--Container. 
511 0 |a Narrator: Chris Freeman. 
508 |a Graphics, Greer Beeken ; editor, Steve Weyrich ; videographics, Chris Arnold, Juan Quiroga. 
588 0 |a Videodisc version record. 
546 |a In English. 
650 0 |a Teacher participation in curriculum planning  |z United States. 
650 0 |a Curriculum planning  |z United States. 
650 6 |a Enseignants  |x Participation à la planification des programmes d'études  |z États-Unis. 
650 7 |a Curriculum planning.  |2 fast  |0 (OCoLC)fst00885382 
650 7 |a Teacher participation in curriculum planning.  |2 fast  |0 (OCoLC)fst01144222 
651 7 |a United States.  |2 fast  |0 (OCoLC)fst01204155  |1 https://id.oclc.org/worldcat/entity/E39PBJtxgQXMWqmjMjjwXRHgrq 
655 7 |a Educational films.  |2 fast  |0 (OCoLC)fst01726235 
655 7 |a Educational films.  |2 lcgft 
655 7 |a Films éducatifs.  |2 rvmgf 
700 1 |a Jacobs, Heidi Hayes. 
710 2 |a Association for Supervision and Curriculum Development. 
758 |i has work:  |a Getting results with curriculum mapping (MovingImage)  |1 https://id.oclc.org/worldcat/entity/E39PCGD6vD9pRxkHMqjFJv9KwK  |4 https://id.oclc.org/worldcat/ontology/hasWork 
776 0 8 |i Videodisc version:  |t Getting results with curriculum mapping.  |d Alexandria, VA : Association for Supervision and Curriculum Development, ©2006  |z 141660474X  |w (OCoLC)73516036 
856 4 0 |u http://proxy.library.tamu.edu/login?url=https://www.aspresolver.com/aspresolver.asp?MARC;3291888  |z Connect to this streaming video (Alexander Street Press)  |t 0 
955 |a Alexander Street Press subscription streaming video 
994 |a 92  |b TXA 
999 f f |s 009571f0-fd27-4d50-b50a-7b0138d99f2f  |i 129b977c-3ed0-42a6-949b-1d3d9a0c53e8  |t 0 
952 f f |a Texas A&M University  |b College Station  |c Electronic Resources  |d Available Online  |t 0  |e LB2806.15 .G488 2006ev  |h Library of Congress classification 
998 f f |a LB2806.15 .G488 2006ev  |t 0  |l Available Online